| 000 | 00542nam a22001697a 4500 | ||
|---|---|---|---|
| 003 | 0 | ||
| 005 | 20220818102837.0 | ||
| 008 | 220818b xxu||||| |||| 00| 0 eng d | ||
| 020 | _a978-1-108-86598-2 | ||
| 050 |
_aBD161 _b.H43 2020 |
||
| 245 |
_aTheory of knowledge for the IB diploma : course diploma _cWendy Heydorn; Susan Jesudason |
||
| 250 | _a3rd ed. | ||
| 260 |
_aUnited Kingdom _bCambridge University Press _cC2020 |
||
| 300 |
_ax,684p. _c28cm. _eIncludes glossary and index. _fBook |
||
| 500 | _aTheory of knowledge. | ||
| 942 |
_2lcc _cBK |
||
| 999 |
_c364798 _d364798 |
||